KAVYACHINTHAKAL (Record no. 45766)

MARC details
000 -LEADER
fixed length control field 00401nam a2200145Ia 4500
008 - FIXED-LENGTH DATA ELEMENTS--GENERAL INFORMATION
fixed length control field 211109s9999||||xx |||||||||||||| ||und||
082 ## - DEWEY DECIMAL CLASSIFICATION NUMBER
Classification number 894.8124
Item number RAM-K
100 ## - MAIN ENTRY--PERSONAL NAME
Personal name Ramakrishan, K V
245 #0 - TITLE STATEMENT
Title KAVYACHINTHAKAL
260 ## - PUBLICATION, DISTRIBUTION, ETC.
Name of publisher, distributor, etc. Poorna
Place of publication, distribution, etc. Calicut
Date of publication, distribution, etc. 1992
300 ## - PHYSICAL DESCRIPTION
Extent 95p
630 ## - SUBJECT ADDED ENTRY--UNIFORM TITLE
General subdivision GENERAL STACK
650 ## - SUBJECT ADDED ENTRY--TOPICAL TERM
Topical term or geographic name entry element Malayalam literature
942 ## - ADDED ENTRY ELEMENTS (KOHA)
Koha item type BOOK
650 ## - SUBJECT ADDED ENTRY--TOPICAL TERM
Form subdivision Malayalam essays
General subdivision Literature & rhetoricMalayalam
Holdings
Withdrawn status Lost status Damaged status Not for loan Home library Current library Date acquired Cost, normal purchase price Total Checkouts Full call number Barcode Shelving location Date last seen Price effective from Koha item type
        SB LIBRARY SB LIBRARY 09/11/2021 16.00   894.8124 RAM-K 00087750 GENERAL STACK 09/11/2021 09/11/2021 BOOK

Powered by Koha